[Event "Norway Chess Open GM 2025"]
[Site "Stavanger NOR"]
[Date "2025.05.28"]
[Round "3.42"]
[White "Machin, Guillaume"]
[Black "Myny, Sigur H"]
[Result "1-0"]
[WhiteTitle "CM"]
[WhiteElo "2069"]
[BlackElo "2014"]
[WhiteFideId "616648"]
[BlackFideId "1561626"]
[EventDate "2025.05.26"]

1. d4 d5 2. c4 c6 3. Nf3 Nf6 4. g3 Bf5 5. Nc3 e6 6. Nh4 Bg4 7. h3 Bh5 8. g4 Bg6
9. Nxg6 hxg6 10. g5 Nh5 11. h4 Bd6 12. e3 Nd7 13. Qb3 Qc7 14. Bd2 dxc4 15. Bxc4
Nb6 16. Be2 e5 17. dxe5 Bxe5 18. O-O-O O-O-O 19. Kb1 Kb8 20. Ne4 Rhe8 21. Bf3
Nd5 22. Rc1 Ka8 23. Rhd1 Qe7 24. a4 Nc7 25. Nc5 Ne6 26. Nxb7 Rb8 27. Bxc6 Rxb7
28. Bb4 Rc8 29. Rd7 Qxd7 30. Bxd7 Rxc1+ 31. Kxc1 Rxd7 32. Kb1 Bc7 33. Qc4 Kb7
34. a5 a6 35. Qe4+ Ka7 36. Ka2 Bh2 37. f4 Rb7 38. Bc3 Bg3 39. Qh1 Bf2 40. Bd2
Nc5 41. Qf3 Bxh4 42. e4 Kb8 43. Bc3 Nd7 44. Qd3 Bg3 45. Qd6+ Kc8 46. Bd2 Bf2 47.
Qxa6 Bc5 48. b4 Be7 49. b5 Ng3 50. b6 Nxe4 51. Qc4+ Ndc5 52. Bb4 Bd6 53. Qb5 Nd7
54. Qc6+ Kb8 55. Bxd6+ Nxd6 56. Qxd6+ Kc8 57. Ka3 f6 58. Qe7 1-0

[Event "Norway Chess Open GM 2025"]
[Site "Stavanger NOR"]
[Date "2025.05.29"]
[Round "4.5"]
[White "Alonso Garcia, Aaron"]
[Black "Urkedal, Frode Olav Olsen"]
[Result "1/2-1/2"]
[WhiteTitle "IM"]
[BlackTitle "GM"]
[WhiteElo "2454"]
[BlackElo "2562"]
[WhiteFideId "24521060"]
[BlackFideId "1506102"]
[EventDate "2025.05.26"]

1. e4 e5 2. Nf3 Nc6 3. Bb5 a6 4. Ba4 Nf6 5. O-O Be7 6. d3 b5 7. Bb3 d6 8. a3 O-O
9. Nc3 Rb8 10. Be3 Bd7 11. h3 Na5 12. Ba2 c5 13. Nd5 Nxd5 14. Bxd5 Nc6 15. c3 a5
16. a4 bxa4 17. Qc2 Bf6 18. Kh2 Ne7 19. Bc4 Qc7 20. Ng1 Bc6 21. Ne2 Rb7 22. Ng3
g6 23. f4 Bh4 24. fxe5 d5 25. exd5 Nxd5 26. Bf2 Qxe5 27. Rae1 Qb8 28. Bxd5 Bxd5
29. Qxa4 Bxg3+ 30. Bxg3 Rxb2 31. Bxb8 Rxg2+ 32. Kh1 Ra2+ 33. Kg1 Rxa4 34. Bd6
Rc8 35. Ra1 Rh4 36. Kh2 Re8 37. c4 Be6 38. Rf3 Bg4 39. Kg3 Bxf3 40. Kxh4 Re3 41.
Bxc5 Rxd3 42. Rxa5 Rc3 43. Kg5 Bg2 44. Bd6 Rxc4 45. Rc5 Rxc5+ 46. Bxc5 Bxh3 47.
Kf6 h5 48. Be7 Bf1 49. Ke5 f5 50. Kf6 Kh7 51. Kg5 Kg7 52. Bd6 Kf7 53. Bc7 Bb5
54. Bg3 Be8 55. Kf4 Ke6 56. Bh4 Kd5 57. Bg5 Kd4 58. Bf6+ Kd3 59. Be7 Ke2 60. Bd8
Kf2 61. Be7 Kg2 62. Bd8 Kh3 63. Be7 h4 64. Bd8 1/2-1/2

[Event "Norway Chess Open GM 2025"]
[Site "Stavanger NOR"]
[Date "2025.05.29"]
[Round "4.20"]
[White "Thuesen, Mogens"]
[Black "Zhu, Jiner"]
[Result "0-1"]
[BlackTitle "GM"]
[WhiteElo "2129"]
[BlackElo "2541"]
[WhiteFideId "1400878"]
[BlackFideId "8608059"]
[EventDate "2025.05.26"]

1. e4 c5 2. Nf3 d6 3. d4 cxd4 4. Nxd4 Nf6 5. Bd3 g6 6. b3 Bg7 7. Bb2 a6 8. Nd2
b5 9. a4 b4 10. a5 Bb7 11. Ra4 Nc6 12. Qa1 Rb8 13. O-O e5 14. N4f3 Nd7 15. Nc4
Nc5 16. Ra2 O-O 17. Qe1 d5 18. exd5 Nxd3 19. cxd3 Qxd5 20. Qe3 Rbd8 21. Rd1 e4
22. Bxg7 Kxg7 23. Ne1 Nd4 24. Rad2 Rfe8 25. Qh3 Nxb3 26. Ne3 Qxa5 27. Rb2 Nd4
28. dxe4 Bxe4 29. Qh4 Nf5 30. Rxd8 Nxh4 31. Rxe8 Qa1 32. Rxb4 Qxe1+ 0-1

[Event "Norway Chess Open GM 2025"]
[Site "Stavanger NOR"]
[Date "2025.05.29"]
[Round "4.1"]
[White "Sivuk, Vitaly"]
[Black "Yankelevich, Lev"]
[Result "1/2-1/2"]
[WhiteTitle "GM"]
[BlackTitle "GM"]
[WhiteElo "2501"]
[BlackElo "2422"]
[WhiteFideId "14116502"]
[BlackFideId "24684074"]
[EventDate "2025.05.26"]

1. Nf3 d5 2. e3 c5 3. b3 Nf6 4. Bb2 g6 5. c4 dxc4 6. Bxc4 Bg7 7. O-O O-O 8. d4
cxd4 9. Nxd4 a6 10. Be2 b5 11. Nd2 Bb7 12. a4 bxa4 13. Rxa4 Nc6 14. Bf3 Qd7 15.
Qa1 Nxd4 16. Bxd4 Bxf3 17. Nxf3 Qb5 18. Rb1 Rfc8 19. Ra5 Qe2 20. Ra2 Rc2 21.
Rxc2 Qxc2 22. b4 Qc6 23. h3 Qb7 24. Qa5 Nd5 25. Bxg7 Kxg7 26. b5 1/2-1/2

[Event "Norway Chess Open GM 2025"]
[Site "Stavanger NOR"]
[Date "2025.05.29"]
[Round "4.2"]
[White "Kunin, Vitaly"]
[Black "Vestby-Ellingsen, Mads"]
[Result "1-0"]
[WhiteTitle "GM"]
[BlackTitle "IM"]
[WhiteElo "2497"]
[BlackElo "2382"]
[WhiteFideId "4128737"]
[BlackFideId "1520857"]
[EventDate "2025.05.26"]

1. d4 d5 2. c4 e6 3. Nf3 Nf6 4. Bg5 Be7 5. Nc3 h6 6. Bh4 O-O 7. e3 Nbd7 8. Qc2
c5 9. Rd1 Qa5 10. Be2 dxc4 11. Bxc4 a6 12. a4 Nb6 13. Be2 Nbd5 14. O-O cxd4 15.
Nxd5 Nxd5 16. Bxe7 Nxe7 17. Rxd4 Nc6 18. Rd6 Rd8 19. Rfd1 Rxd6 20. Rxd6 Qb4 21.
Rd1 Qe7 22. Nd2 Bd7 23. Ne4 Rd8 24. Nc5 Be8 25. Rxd8 Nxd8 26. b4 Qc7 27. a5 Nc6
28. Qc3 Ne7 29. e4 Bc6 30. Qd2 Ng6 31. g3 Nf8 32. f3 Nd7 33. Nb3 Ba4 34. Nd4 g6
35. Bf1 Kg7 36. Kf2 Nf6 37. Bd3 b6 38. Qa2 Qc3 39. Qc4 Qd2+ 40. Be2 e5 41. Nb3
Qb2 42. Nc1 Bb5 43. Qc7 bxa5 44. bxa5 Qd4+ 45. Ke1 Qg1+ 46. Kd2 Qd4+ 47. Nd3
Bxd3 48. Bxd3 Ne8 49. Qc3 Qd6 50. f4 f6 51. fxe5 fxe5 52. Qb2 Nf6 53. Qb7+ Kf8
54. Qxa6 Nxe4+ 55. Ke1 Qb4+ 56. Kf1 Nd6 57. Qb6 Qa3 58. Bxg6 Kg7 59. Bh5 Qd3+
60. Be2 Qd5 61. Kg1 Qd2 62. Bf1 e4 63. Qf2 Qd5 64. a6 Nf5 65. a7 e3 66. Qb2+ Kg6
67. Qg2 Qd4 68. a8=Q e2+ 69. Qf2 e1=Q 70. Qg8+ Kf6 71. Qf8+ 1-0

[Event "Norway Chess Open GM 2025"]
[Site "Stavanger NOR"]
[Date "2025.05.29"]
[Round "4.3"]
[White "Galperin, Platon"]
[Black "Mahitosh, Dey"]
[Result "1-0"]
[WhiteTitle "GM"]
[BlackTitle "FM"]
[WhiteElo "2494"]
[BlackElo "2240"]
[WhiteFideId "14165414"]
[BlackFideId "25091468"]
[EventDate "2025.05.26"]

1. c4 e6 2. g3 Nf6 3. Bg2 d5 4. Nf3 Be7 5. O-O O-O 6. d3 c5 7. Ne5 Bd6 8. f4
Nbd7 9. Nxd7 Qxd7 10. e4 dxe4 11. dxe4 e5 12. Nc3 b6 13. Qe2 Bb7 14. f5 h6 15.
g4 Nh7 16. h4 f6 17. Be3 Be7 18. Rad1 Qc7 19. Rd3 Rad8 20. Rfd1 Rxd3 21. Rxd3
Rd8 22. Nb5 Qb8 23. Rxd8+ Bxd8 24. Qd2 a6 25. Nd6 Be7 26. Nxb7 Qxb7 27. Kf2 Nf8
28. Bf3 Qd7 29. Bd1 Qxd2+ 30. Bxd2 Kf7 31. Ba4 Bd8 32. Bc6 Ke7 33. b4 Kd6 34.
Bb7 a5 35. bxa5 bxa5 36. Bc8 Nd7 37. Bxd7 Kxd7 38. Ke3 Kc6 39. Kd3 Kb6 40. Kc3
Kc6 41. Kb3 Kb6 42. Ka3 Kb7 43. Ka4 Ka6 44. a3 Bb6 45. Be3 Ba7 46. g5 hxg5 47.
hxg5 Bb6 48. g6 1-0

[Event "Norway Chess Open GM 2025"]
[Site "Stavanger NOR"]
[Date "2025.05.29"]
[Round "4.8"]
[White "Bhagat Kush"]
[Black "Lie, Kjetil A."]
[Result "1-0"]
[WhiteTitle "FM"]
[BlackTitle "GM"]
[WhiteElo "2279"]
[BlackElo "2493"]
[WhiteFideId "46672940"]
[BlackFideId "1501984"]
[EventDate "2025.05.26"]

1. e4 d6 2. d4 Nf6 3. Nc3 g6 4. Bg5 Bg7 5. Nf3 O-O 6. Qd2 Bg4 7. h4 h5 8. Nh2
Bc8 9. Be2 c6 10. g4 hxg4 11. h5 c5 12. Bxf6 Bxf6 13. Nd5 Bg7 14. hxg6 f5 15.
Qg5 Nc6 16. Qh5 Re8 17. exf5 Nxd4 18. Nxg4 Nxf5 19. Bd3 Qd7 20. O-O-O Qe6 1-0

[Event "Norway Chess Open GM 2025"]
[Site "Stavanger NOR"]
[Date "2025.05.29"]
[Round "4.9"]
[White "Kvaloy, Aksel Bu"]
[Black "Myagmarsuren, Evsuld"]
[Result "1-0"]
[WhiteTitle "IM"]
[BlackTitle "FM"]
[WhiteElo "2479"]
[BlackElo "2292"]
[WhiteFideId "1528815"]
[BlackFideId "1551639"]
[EventDate "2025.05.26"]

1. e4 e5 2. Nf3 Nc6 3. Bb5 Nf6 4. d3 Bc5 5. O-O Nd4 6. Be3 O-O 7. Nxd4 Bxd4 8.
Bxd4 exd4 9. e5 Ne8 10. Nd2 d6 11. Qe2 Qe7 12. Rfe1 dxe5 13. Qxe5 Qb4 14. Bxe8
Qxd2 15. Qxd4 Qxc2 16. Bxf7+ Rxf7 17. Rac1 Qd2 18. Re8+ Rf8 19. Rxf8+ Kxf8 20.
Qd8+ Kf7 21. Rxc7+ Kg6 22. Qd6+ Kh5 23. Rc5+ g5 24. h4 h6 25. Qf6 Bg4 26. Qf7+
Kxh4 27. Kh2 Bd7 28. Rc4+ g4 29. g3+ Kg5 30. Rc5+ Bf5 31. Rxf5# 1-0

[Event "Norway Chess Open GM 2025"]
[Site "Stavanger NOR"]
[Date "2025.05.29"]
[Round "4.10"]
[White "Grebennikov, Nikolai A."]
[Black "Rozentalis, Eduardas"]
[Result "0-1"]
[WhiteTitle "CM"]
[BlackTitle "GM"]
[WhiteElo "2199"]
[BlackElo "2470"]
[WhiteFideId "4121988"]
[BlackFideId "12800023"]
[EventDate "2025.05.26"]

1. d4 Nf6 2. c4 e6 3. Nc3 Bb4 4. a3 Bxc3+ 5. bxc3 d5 6. cxd5 exd5 7. e3 Bf5 8.
Bd3 Bg6 9. Ne2 O-O 10. O-O c5 11. f3 Nc6 12. Ng3 Re8 13. Ra2 Rc8 14. Re2 Qd7 15.
Bb2 Nh5 16. Bxg6 hxg6 17. Nxh5 gxh5 18. e4 Na5 19. e5 Qf5 20. g4 hxg4 21. Rg2
Nc4 22. Bc1 cxd4 23. cxd4 Rc6 24. Rxg4 Rec8 25. Bg5 Rg6 26. h4 f6 27. exf6 gxf6
28. Bc1 Kf7 29. Kh2 Nd6 30. Bf4 Rc2+ 31. Kh3 Rc3 32. Bg3 Rxa3 33. Qc1 Nc4 34.
Qb1 Qxb1 35. Rxb1 b6 36. h5 Rh6 37. Kh4 Ne3 38. Rf4 Ng2+ 39. Kg4 Rh7 40. Bh4
Rg7+ 0-1

[Event "Norway Chess Open GM 2025"]
[Site "Stavanger NOR"]
[Date "2025.05.29"]
[Round "4.40"]
[White "Pragnya H G"]
[Black "Zhou, Yang-Fan"]
[Result "1/2-1/2"]
[WhiteTitle "WFM"]
[BlackTitle "IM"]
[WhiteElo "1929"]
[BlackElo "2425"]
[WhiteFideId "25609785"]
[BlackFideId "468584"]
[EventDate "2025.05.26"]

1. e4 c5 2. Nf3 d6 3. d4 cxd4 4. Qxd4 Nc6 5. Bb5 Bd7 6. Bxc6 Bxc6 7. c4 f5 8.
Nc3 e5 9. Qe3 fxe4 10. Ng5 Nf6 11. O-O Be7 12. Ngxe4 O-O 13. Nxf6+ Rxf6 14. Nd5
Rg6 15. b3 Kh8 16. Qe4 Qd7 17. f3 Rf8 18. Be3 Bd8 19. Rad1 b6 20. Qc2 Bg5 21.
Rde1 Bxe3+ 22. Rxe3 b5 23. Qd3 bxc4 24. bxc4 Qd8 25. Re2 Rh6 26. g3 Re6 27. f4
Bxd5 28. Qxd5 Ref6 29. Ref2 Qb6 30. Kg2 exf4 31. Rxf4 Qb2+ 32. R1f2 Qe5 33. Rxf6
Qxd5+ 34. cxd5 gxf6 35. Rc2 1/2-1/2

[Event "Norway Chess Open GM 2025"]
[Site "Stavanger NOR"]
[Date "2025.05.29"]
[Round "4.6"]
[White "Sanket, Chakravarty"]
[Black "Wang, Hao(ZJ)"]
[Result "0-1"]
[WhiteTitle "IM"]
[WhiteElo "2303"]
[BlackElo "2418"]
[WhiteFideId "25032038"]
[BlackFideId "8631859"]
[EventDate "2025.05.26"]

1. c4 Nf6 2. Nc3 e6 3. Nf3 d5 4. e3 c6 5. b3 Bd6 6. Bb2 O-O 7. Qc2 Re8 8. g4 e5
9. g5 d4 10. gxf6 dxc3 11. Ng5 Qxf6 12. Ne4 Qg6 13. Bxc3 Na6 14. Bd3 Nb4 15.
Bxb4 Bxb4 16. O-O-O Bf5 17. Rdg1 Qh6 18. Rg2 Rad8 19. f3 Re7 20. Rhg1 Bg6 21. c5
Kf8 22. Nd6 b6 23. Nf5 Bxf5 24. Bxf5 g6 25. cxb6 axb6 26. Qxc6 Bxd2+ 27. Rxd2
Qxe3 28. Rg2 gxf5 29. Re2 Re6 30. Qc7 Qg1+ 31. Kb2 Rxd2+ 32. Rxd2 Qe3 33. Rd7
Qf2+ 34. Ka3 Qc5+ 35. Qxc5+ bxc5 36. Rd5 e4 37. Rxc5 e3 38. Rc1 Kg7 39. Kb4 Kf6
40. a4 Kg5 41. a5 e2 42. Kc5 e1=Q 43. Rxe1 Rxe1 44. b4 Ra1 45. Kb6 Ra3 46. b5 f4
47. a6 Rxf3 48. Kc7 Ra3 0-1

[Event "Norway Chess Open GM 2025"]
[Site "Stavanger NOR"]
[Date "2025.05.29"]
[Round "4.7"]
[White "Elsness, Frode"]
[Black "Garcia Martin, Marta"]
[Result "1-0"]
[WhiteTitle "IM"]
[BlackTitle "IM"]
[WhiteElo "2416"]
[BlackElo "2324"]
[WhiteFideId "1501100"]
[BlackFideId "32084030"]
[EventDate "2025.05.26"]

1. d4 Nf6 2. c4 b6 3. Nc3 Bb7 4. Qc2 d5 5. cxd5 Nxd5 6. e4 Nxc3 7. bxc3 e6 8.
Nf3 Be7 9. Bb5+ c6 10. Bd3 c5 11. O-O cxd4 12. cxd4 O-O 13. Bb2 Nd7 14. Qe2 Rc8
15. Rfd1 Bb4 16. Rac1 Qe7 17. Ba6 Rxc1 18. Bxc1 Bxa6 19. Qxa6 Nb8 20. Qc4 Bd6
21. e5 Ba3 22. Bxa3 Qxa3 23. Ng5 h6 24. Ne4 Na6 25. Rb1 Nb8 26. Nd6 Qa6 27. Qc2
Qa5 28. Qc4 a6 29. a4 Kh7 30. g3 Nd7 31. Qc6 Nb8 32. Qc2+ Kg8 33. Qc7 Qxa4 34.
Rxb6 Qd7 35. Qxd7 Nxd7 36. Rxa6 Rd8 37. f4 f6 38. Kf2 Nf8 39. Ke3 Ng6 40. Ra7
fxe5 41. fxe5 Rb8 42. Ke4 h5 43. Nb7 h4 44. Nc5 hxg3 45. hxg3 Nf8 46. Re7 Rb6
47. Re8 Rc6 48. Nd7 Kf7 49. Rxf8+ Ke7 50. Nb8 1-0

[Event "Norway Chess Open GM 2025"]
[Site "Stavanger NOR"]
[Date "2025.05.29"]
[Round "4.11"]
[White "Southcott-Moyers, Indy"]
[Black "Hansen, Torbjorn Ringdal"]
[Result "1/2-1/2"]
[WhiteTitle "CM"]
[BlackTitle "GM"]
[WhiteElo "2292"]
[BlackElo "2407"]
[WhiteFideId "488542"]
[BlackFideId "1501720"]
[EventDate "2025.05.26"]

1. d4 Nf6 2. c4 c5 3. d5 e6 4. Nf3 d6 5. dxe6 Bxe6 6. Nc3 Bxc4 7. Qa4+ b5 8.
Nxb5 Bxb5 9. Qxb5+ Nbd7 10. g3 Rb8 11. Qd3 d5 12. Bg2 c4 13. Qc2 Bb4+ 14. Bd2
Qb6 15. Rb1 Bxd2+ 16. Nxd2 O-O 17. O-O Rfe8 18. e3 Rbc8 19. Qc3 Ne5 20. b3 Qe6
21. Nf3 Nd3 22. Nd4 Ne4 23. Bxe4 Qxe4 24. bxc4 Rxc4 25. Qb3 h5 26. Rbd1 Ne5 27.
f3 Qg6 28. Qb1 Qh6 29. Rde1 Rec8 30. Qf5 Re8 31. f4 Ng4 32. Qxd5 Qa6 33. Qxh5
Nxe3 34. Qb5 Qc8 35. Rf3 Rc1 36. Qxe8+ Qxe8 37. Rxc1 Qe4 38. Re1 Qxd4 39. Rfxe3
g6 40. Re2 Kg7 41. h3 a5 42. a3 a4 43. Kh2 Qc5 44. Rf3 Qc4 45. Rfe3 Qc5 46. g4
Qc1 47. Rf3 Qc4 48. Ref2 Qc1 49. g5 Qc7 50. Kg2 Qc6 51. h4 Qd5 52. Kg3 Qd6 53.
Kh2 Qd4 54. Kh3 Qd7+ 55. f5 gxf5 56. Rxf5 Kg6 57. Kg2 Kh5 58. R5f4 Qd5+ 59. R2f3
Qd2+ 60. Rf2 Qd5+ 61. Kg1 Qd1+ 62. Kg2 Qd5+ 1/2-1/2

[Event "Norway Chess Open GM 2025"]
[Site "Stavanger NOR"]
[Date "2025.05.29"]
[Round "4.21"]
[White "Li, Guohao"]
[Black "Beisteiner, Joachim"]
[Result "1/2-1/2"]
[WhiteElo "2355"]
[BlackElo "2109"]
[WhiteFideId "8619999"]
[BlackFideId "1682296"]
[EventDate "2025.05.26"]

1. d4 d5 2. Nf3 Nf6 3. c4 c6 4. Nc3 e6 5. cxd5 exd5 6. Bg5 Be7 7. Qc2 g6 8. e3
Bf5 9. Bd3 Bxd3 10. Qxd3 Nh5 11. Bh6 Nd7 12. g4 Nhf6 13. h3 Nb6 14. O-O-O Qd7
15. Ne5 Qe6 16. f4 Nfd7 17. Rhf1 O-O-O 18. Bg7 Rhg8 19. f5 Nxe5 20. dxe5 gxf5
21. gxf5 Qd7 22. f6 Bc5 23. Qxh7 Nc4 24. Ne4 Bxe3+ 25. Kb1 Nxe5 26. Ng3 1/2-1/2

[Event "Norway Chess Open GM 2025"]
[Site "Stavanger NOR"]
[Date "2025.05.29"]
[Round "4.12"]
[White "Krivenko, Dion"]
[Black "Haug, Havard"]
[Result "0-1"]
[WhiteTitle "FM"]
[BlackTitle "FM"]
[WhiteElo "2243"]
[BlackElo "2354"]
[WhiteFideId "4508378"]
[BlackFideId "1547887"]
[EventDate "2025.05.26"]

1. Nc3 d5 2. d4 Nf6 3. Bg5 h6 4. Bxf6 exf6 5. e3 c6 6. Bd3 Bd6 7. Qf3 O-O 8.
Nge2 b5 9. a3 Re8 10. O-O Qc7 11. h3 Nd7 12. e4 a6 13. exd5 c5 14. Ne4 Bb7 15.
Nxd6 Qxd6 16. dxc5 Nxc5 17. Nc3 Rad8 18. Rfe1 Re5 19. Rad1 Bxd5 20. Rxe5 Bxf3
21. Bh7+ Kxh7 22. Rxd6 Rxd6 23. Rxc5 Bc6 24. f3 g5 25. Na2 Bd5 26. Nb4 Be6 27.
Rc6 Rd1+ 28. Kh2 a5 29. Na6 Rd2 30. b3 Bf5 31. Rxf6 Be6 32. f4 Bd5 33. Kg1 Rxg2+
34. Kf1 Rxc2 35. fxg5 hxg5 36. b4 a4 37. Rf5 Bc4+ 38. Kg1 Rc3 39. Rxg5 Rxa3 40.
Nc7 Ra1+ 41. Kh2 a3 42. Ne8 Rf1 0-1

[Event "Norway Chess Open GM 2025"]
[Site "Stavanger NOR"]
[Date "2025.05.29"]
[Round "4.13"]
[White "Chakrabarty, Reyaansh"]
[Black "Poley, Vladimir"]
[Result "0-1"]
[WhiteTitle "FM"]
[BlackTitle "IM"]
[WhiteElo "2346"]
[BlackElo "2284"]
[WhiteFideId "3256944"]
[BlackFideId "13500090"]
[EventDate "2025.05.26"]

1. e4 c6 2. Nf3 d5 3. Nc3 g6 4. d4 Bg7 5. h3 Nh6 6. Bd3 f6 7. Qe2 Nf7 8. e5 O-O
9. exf6 exf6 10. Be3 a5 11. a3 Na6 12. Na4 Re8 13. O-O b5 14. Nc5 Nxc5 15. dxc5
f5 16. Qd2 Bxb2 17. Rae1 Bg7 18. c3 Bd7 19. Bd4 Bh6 20. Rxe8+ Qxe8 21. Qa2 Ng5
22. Nxg5 Bxg5 23. a4 bxa4 24. Qxa4 f4 25. f3 Kf7 26. c4 Bf6 27. Bf2 d4 28. Be4
Ra6 29. Rb1 Qc8 30. Rd1 Bf5 31. Bxd4 Be7 32. Re1 Bxe4 33. fxe4 Ra7 34. Rf1 g5
35. e5 Qe6 36. Qc2 Kg8 37. Ra1 Rd7 38. Qc3 Bd8 39. Rb1 h5 40. Rb8 Kh7 41. Qd3+
Qg6 42. Qc3 Qe4 43. Bf2 Rd1+ 44. Kh2 g4 45. e6 g3+ 46. Bxg3 fxg3+ 47. Qxg3 Qxe6
48. Qf4 Rd7 49. Rc8 Rf7 50. Qb8 Bf6 51. Re8 Re7 52. Qb1+ Kg7 53. Rd8 Qe5+ 0-1

[Event "Norway Chess Open GM 2025"]
[Site "Stavanger NOR"]
[Date "2025.05.29"]
[Round "4.19"]
[White "Vincenti, Leonardo"]
[Black "Adharsh K"]
[Result "0-1"]
[WhiteTitle "CM"]
[BlackTitle "FM"]
[WhiteElo "2120"]
[BlackElo "2322"]
[WhiteFideId "28550820"]
[BlackFideId "25718207"]
[EventDate "2025.05.26"]

1. e4 c5 2. Nf3 d6 3. Bb5+ Nd7 4. O-O a6 5. Bd3 Ngf6 6. Re1 e6 7. c3 Be7 8. Bc2
O-O 9. d4 b5 10. a4 Rb8 11. axb5 axb5 12. e5 dxe5 13. dxe5 Nd5 14. Qd3 g6 15.
Bh6 Re8 16. Nbd2 Bb7 17. Ne4 Qc7 18. Ng3 c4 19. Qe2 b4 20. cxb4 Nxb4 21. Be4
Bxe4 22. Qxe4 Nd3 23. Re2 Nxb2 24. Rc2 Rec8 25. Be3 Nc5 26. Bxc5 Qxc5 27. Rb1 c3
28. Qe2 Qc4 29. Ne1 Qxe2 30. Nxe2 Bb4 31. Rbc1 Nc4 32. Nd3 Ba3 33. Re1 Nb2 34.
Ndc1 Bb4 35. Na2 Ba5 36. Ra1 Nd3 37. Naxc3 Bb6 38. Rf1 Nxe5 39. Ra2 Nd3 40. Ne4
Kg7 41. Rd2 Ne5 42. h3 Rc4 43. Nd6 Rb4 44. Ng3 h5 45. Rfd1 Ra8 46. Re2 Nc6 47.
Red2 Ne7 48. Rc2 Rd8 49. Rdd2 Nd5 50. Nc4 Bc7 51. Nf1 Bf4 52. Re2 Rb1 53. g3 Bh6
54. Nd2 Rd1 55. Kg2 h4 56. Nf3 hxg3 57. fxg3 Ra8 58. Re1 Rd3 59. Ne5 Rb3 60. Rf2
Ra7 61. h4 Rc7 62. Ng4 Bc1 63. Ree2 Ba3 64. Rc2 Ra7 65. Nd2 Rb4 66. Nc4 Raa4 67.
Nxa3 Rxa3 68. Rf3 Rxf3 0-1

[Event "Norway Chess Open GM 2025"]
[Site "Stavanger NOR"]
[Date "2025.05.29"]
[Round "4.22"]
[White "Gouanelle, Franck"]
[Black "Knuedel, Torben"]
[Result "0-1"]
[BlackTitle "FM"]
[WhiteElo "2024"]
[BlackElo "2319"]
[WhiteFideId "627542"]
[BlackFideId "16208820"]
[EventDate "2025.05.26"]

1. e4 e5 2. Nf3 Nc6 3. Nc3 Nf6 4. d4 Bb4 5. Qd3 exd4 6. Nxd4 O-O 7. Be2 Ne5 8.
Qe3 d5 9. exd5 Nxd5 10. Qd2 c5 11. Nb3 c4 12. Nd4 Qa5 13. Ndb5 Rd8 14. a3 Nxc3
15. axb4 Rxd2 16. Rxa5 Rxe2+ 17. Kf1 Rxc2 0-1

[Event "Norway Chess Open GM 2025"]
[Site "Stavanger NOR"]
[Date "2025.05.29"]
[Round "4.14"]
[White "Pubantz, Jan"]
[Black "Gentemann, Moritz"]
[Result "1/2-1/2"]
[WhiteElo "2315"]
[BlackElo "2242"]
[WhiteFideId "12996114"]
[BlackFideId "4688007"]
[EventDate "2025.05.26"]

1. Nf3 d5 2. g3 Nf6 3. Bg2 e6 4. O-O Be7 5. d4 O-O 6. c4 a5 7. Nc3 c6 8. b3 b6
9. Ne5 Nfd7 10. Nxd7 Nxd7 11. e4 dxc4 12. bxc4 Ba6 13. Qe2 e5 1/2-1/2

[Event "Norway Chess Open GM 2025"]
[Site "Stavanger NOR"]
[Date "2025.05.29"]
[Round "4.29"]
[White "Machin, Guillaume"]
[Black "Banerjee, Supratit"]
[Result "1/2-1/2"]
[WhiteTitle "CM"]
[BlackTitle "CM"]
[WhiteElo "2069"]
[BlackElo "2312"]
[WhiteFideId "616648"]
[BlackFideId "2410079"]
[EventDate "2025.05.26"]

1. d4 Nf6 2. c4 g6 3. Nc3 Bg7 4. e4 d6 5. Nf3 O-O 6. Be2 Nbd7 7. O-O e5 8. Kh1
Qe7 9. d5 Nc5 10. Qc2 a5 11. Ng1 Ne8 12. Be3 f5 13. exf5 Bxf5 14. Qd2 b6 15.
Rae1 Nf6 16. f3 Bd7 17. g3 Rae8 18. Kg2 Qd8 19. Bxc5 bxc5 20. Bd3 Qc8 21. Ne4 a4
22. Rf2 Nh5 23. Ne2 Bh3+ 24. Kg1 Nf6 25. N2c3 Nxe4 26. Nxe4 Bf5 27. Rfe2 Bd7 28.
Rf2 Re7 29. Qe2 Qd8 30. Bc2 Ref7 31. Kg2 Bh6 32. Qd1 Qa8 33. Qe2 Qb8 34. Bd3 Qc8
35. h4 Bh3+ 36. Kg1 Bf5 37. Kg2 Qd8 38. Rh1 Bd7 39. h5 g5 40. g4 Rf4 41. Rh3 Qb8
42. Qc2 R8f7 43. Rg3 Qd8 44. Kf1 Qe7 45. Kg2 Rf8 46. Qd2 Ra8 47. Rh3 a3 48. b3
Qf7 49. Rg3 Qe7 50. Bc2 Raf8 51. Qa5 Rc8 1/2-1/2

[Event "Norway Chess Open GM 2025"]
[Site "Stavanger NOR"]
[Date "2025.05.29"]
[Round "4.30"]
[White "Stranz, Richard"]
[Black "Risting, Eivind Olav"]
[Result "0-1"]
[WhiteTitle "FM"]
[BlackTitle "FM"]
[WhiteElo "2075"]
[BlackElo "2302"]
[WhiteFideId "1600818"]
[BlackFideId "1517333"]
[EventDate "2025.05.26"]

1. e4 c5 2. Nf3 d6 3. Nc3 Nf6 4. e5 dxe5 5. Nxe5 a6 6. Qe2 e6 7. d3 Be7 8. g4
O-O 9. Bg2 Nd5 10. O-O f6 11. Nc4 Nc6 12. Nxd5 exd5 13. Ne3 Be6 14. c4 Nd4 15.
Qd1 dxc4 16. dxc4 Qd7 17. Bd5 Kh8 18. Re1 Rae8 19. Bxe6 Qxe6 20. Nc2 Qxc4 21.
Nxd4 cxd4 22. Bf4 d3 23. Be3 Bb4 24. Rf1 f5 25. a3 Bd6 26. Rc1 Qe4 27. Re1 fxg4
28. Rc3 Qe5 29. Rxd3 Qxh2+ 30. Kf1 Rxe3 0-1

[Event "Norway Chess Open GM 2025"]
[Site "Stavanger NOR"]
[Date "2025.05.29"]
[Round "4.15"]
[White "Nissinen, Niilo Man"]
[Black "Fu, Yihe"]
[Result "1/2-1/2"]
[WhiteTitle "CM"]
[BlackTitle "FM"]
[WhiteElo "2301"]
[BlackElo "2123"]
[WhiteFideId "30950767"]
[BlackFideId "8619638"]
[EventDate "2025.05.26"]

1. e4 c5 2. Nf3 e6 3. d4 cxd4 4. Nxd4 a6 5. Bd3 Bc5 6. Nb3 Ba7 7. Nc3 Nc6 8. Qg4
Nf6 9. Qg3 d6 10. Bg5 Ne5 11. O-O-O h6 12. Bxf6 Qxf6 13. f4 Ng6 14. Rhf1 Qh4 15.
e5 Qxg3 16. hxg3 d5 17. Bxg6 fxg6 18. Nd4 Bd7 19. g4 O-O 20. Rf3 Rae8 21. Nce2
b5 22. Rh1 Bb6 23. g3 a5 24. Rhf1 b4 25. Kd2 Re7 26. Re3 Bc8 27. Ref3 Ba6 28.
Rc1 Rc8 29. b3 Ba7 1/2-1/2

[Event "Norway Chess Open GM 2025"]
[Site "Stavanger NOR"]
[Date "2025.05.29"]
[Round "4.16"]
[White "Hohelj, Stanislav"]
[Black "Avadhoot Lokesh Bhakti Brahme"]
[Result "0-1"]
[WhiteElo "2300"]
[BlackElo "2081"]
[WhiteFideId "14101394"]
[BlackFideId "33496463"]
[EventDate "2025.05.26"]

1. e4 e5 2. Nf3 Nc6 3. Bb5 a6 4. Ba4 f5 5. d4 exd4 6. e5 b5 7. Bb3 Na5 8. Bxg8
Rxg8 9. Qxd4 Bb7 10. Bg5 Be7 11. Bxe7 Qxe7 12. Nbd2 g5 13. Qc3 Nc6 14. O-O-O
O-O-O 15. Rhe1 Nb4 16. Qb3 g4 17. Nd4 Bd5 18. Nxf5 Qf8 19. c4 bxc4 20. Nxc4 Qxf5
21. Rxd5 Nxd5 22. Nd6+ cxd6 23. Qxd5 Qxf2 24. Qa8+ Kc7 25. exd6+ Kb6 26. Qe4
Rge8 27. Qb4+ Ka7 28. Re7 Qg1+ 29. Kd2 Qxg2+ 30. Ke1 Qg1+ 31. Ke2 Qxh2+ 32. Ke1
Rxe7+ 33. dxe7 Qe5+ 34. Kd2 Re8 35. Qxg4 Rxe7 0-1